000 02492 a2200181 4500
003 OSt
005 20260205161043.0
008 260205b |||||||| |||| 00| 0 eng d
020 _a9788195076789
100 _aवाघ म.
_9216639
245 _a ऋणानुबंध रक्ताचे
250 _a3rd ED.
260 _bभारतीय विचार साधना प्रकाशन
_c2021
_aपुणे
300 _a264pp.
500 _aअर्थ: 'ऋण' (कर्ज) आणि 'अनुबंध' (नाते). रक्ताच्या पलीकडचे जिव्हाळ्याचे नाते. पुस्तक: महेन्द्र वाघ यांनी 'ऋणानुबंध रक्ताचे - रक्तदानाचे समृद्ध भावविश्व' हे पुस्तक लिहिले आहे, जे जनकल्याण रक्तपेढी, पुणे यांच्याशी संबंधित आहे. संकल्पना: अपघातासारख्या गंभीर परिस्थितीत रक्ताची गरज पडते, तेव्हा अनोळखी व्यक्तीशी जुळणारा ऋणानुबंध (रक्त नाते) जीव वाचवतो. व्याप्ती: हे केवळ रक्ताच्या नात्यापुरते मर्यादित नसून, लग्नासारख्या पवित्र बंधातूनही जोडले जाऊ शकते.
520 _a'ऋणानुबंध रक्ताचे' म्हणजे रक्ताच्या नात्यापलीकडे जाऊन भावनिक जवळीक निर्माण होणारे, किंवा पूर्वापार चालत आलेले अतूट नाते होय. महेंद्र वाघ लिखित हे पुस्तक रक्तदानाचे महत्त्व आणि त्याद्वारे निर्माण होणाऱ्या मानवी संबंधांचे (रक्तदानाचे समृद्ध भावविश्व) वर्णन करते. हे केवळ नाते नसून एक भावनिक बंध मानले जाते.
942 _cBK
_2ddc
999 _c370192
_d370192